[Event "EU-chT (Women) 24th"]
[Site "Budva"]
[Date "2023.11.20"]
[Round "9.16"]
[White "Petrovska, Katerina"]
[Black "Puuska, Heini"]
[Result "1-0"]
[WhiteElo "1844"]
[BlackElo "1928"]
[PlyCount "123"]
[EventDate "2023.11.11"]
[EventType "team-swiss"]
[EventRounds "9"]
[EventCountry "MNE"]
[SourceTitle "CB47_2023"]
[SourceDate "2023.11.22"]
[SourceVersion "1"]
[SourceVersionDate "2023.11.22"]
[SourceQuality "1"]
[WhiteTeam "North Macedonia (W)"]
[BlackTeam "Finland (W)"]
[WhiteTeamCountry "MKD"]
[BlackTeamCountry "FIN"]

1. e4 c5 2. f4 d5 3. exd5 Nf6 4. Bb5+ Bd7 5. Bxd7+ Qxd7 6. Nc3 Nxd5 7. Nxd5 Qxd5 8. Qf3 Qd7 9. Ne2 Nc6 10. a3 e6 11. d3 Be7 12. 0-0 Nd4 13. Nxd4 cxd4 14. c4 dxc3 15. bxc3 0-0 16. Rb1 b6 17. d4 Rac8 18. Qd3 Qc6 19. Bb2 g6 20. Rbe1 Bf6 21. Qg3 Bg7 22. Rf3 Qd5 23. Bc1 Qh5 24. Qf2 Rfd8 25. Rh3 Qf5 26. Kh1 Bf6 27. Qe2 Rd7 28. Rg1 Rdc7 29. Bd2 Qd5 30. Rf1 Qa2 31. Qe3 Bg7 32. Rg3 Qxa3 33. h3 Qa2 34. f5 exf5 35. Kh2 Qd5 36. Re1 Bf8 37. Kh1 Rc6 38. Qg5 Re6 39. Rf1 Bg7 40. Qh4 Re4 41. Bf4 Qd8 42. Qxd8+ Rxd8 43. Rd3 Bf8 44. d5 Bd6 45. Bh6 Rde8 46. Rdd1 f6 47. Bc1 Re2 48. c4 R8e4 49. c5 bxc5 50. Ba3 R4e3 51. Bc1 Rc3 52. Bf4 Bxf4 53. Rxf4 Rcc2 54. Ra4 Rcd2 55. Rb1 Re7 56. Rb8+ Kf7 57. Rd8 Rb7 58. Ra6 Ke7 59. Rh8 Rb1+ 60. Kh2 Rxd5 61. Rxh7+ Ke8 62. Raxa7 1-0

[Event "FRM-chT (Women)"]
[Site "Ohrid"]
[Date "2023.08.26"]
[Round "1.2"]
[White "Karaivanova, Petya F"]
[Black "Petrovska, Katerina"]
[Result "1-0"]
[WhiteElo "2043"]
[BlackElo "1845"]
[PlyCount "53"]
[EventDate "2023.08.26"]
[EventType "team-tourn"]
[EventRounds "7"]
[EventCountry "MKD"]
[SourceTitle "EXT 2024"]
[Source "ChessBase"]
[SourceDate "2023.10.10"]
[SourceVersion "1"]
[SourceVersionDate "2023.10.10"]
[SourceQuality "1"]

1. e4 e5 2. Nf3 Nc6 3. Bc4 Nf6 4. d3 h6 5. c3 d6 6. Bb3 g6 7. Nbd2 Bg7 8. Nc4 0-0 9. Ne3 Ne7 10. Qc2 c6 11. Bd2 Bd7 12. Rd1 Ng4 13. h3 Nxe3 14. Bxe3 Kh7 15. d4 Qc7 16. dxe5 dxe5 17. Bc5 Rae8 18. Bd6 Qa5 19. Bxe5 Bxh3 20. Rxh3 Bxe5 21. Rd7 Bf6 22. Qd2 g5 23. e5 Ng6 24. Kf1 Nxe5 25. Nxg5+ Kg8 26. Ne4 Bg7 27. Nf6+ 1-0

[Event "EU-ch (Women) 23rd"]
[Site "Petrovac"]
[Date "2023.03.23"]
[Round "6"]
[White "Petrovska, Katerina"]
[Black "Ivanovic, Tara"]
[Result "1/2-1/2"]
[WhiteElo "1907"]
[BlackElo "1472"]
[PlyCount "60"]
[EventDate "2023.03.18"]
[EventType "swiss"]
[EventRounds "11"]
[EventCountry "MNE"]
[SourceTitle "CBM 213 Extra"]
[Source "ChessBase"]
[SourceDate "2023.05.31"]
[SourceVersion "1"]
[SourceVersionDate "2023.05.31"]
[SourceQuality "1"]

1. e4 e5 2. Bc4 Nf6 3. d3 Be7 4. Nc3 Nc6 5. f4 exf4 6. Bxf4 d6 7. h3 Be6 8. Bxe6 fxe6 9. Nf3 e5 10. Be3 Qd7 11. Qd2 0-0-0 12. 0-0-0 Rdf8 13. d4 exd4 14. Nxd4 Nxd4 15. Qxd4 b6 16. Qc4 Kb7 17. e5 Ne8 18. Nb5 Qc6 19. Qxc6+ Kxc6 20. exd6 Nxd6 21. Nd4+ Kb7 22. Rhf1 Rxf1 23. Rxf1 Bf6 24. c3 Re8 25. Bf4 Re4 26. Bxd6 cxd6 27. Rd1 Bxd4 28. cxd4 Re2 29. g4 Re3 30. Rf1 Re7 1/2-1/2

[Event "FRM-chT (Women)"]
[Site "Ohrid"]
[Date "2021.08.26"]
[Round "2.2"]
[White "Petrovska, Katerina"]
[Black "Krasteva, Beloslava"]
[Result "0-1"]
[WhiteElo "1904"]
[BlackElo "2243"]
[PlyCount "66"]
[EventDate "2021.08.25"]
[EventType "team-tourn"]
[EventRounds "7"]
[EventCountry "MKD"]
[SourceTitle "CBM 204 Extra"]
[Source "ChessBase"]
[SourceDate "2021.11.30"]
[SourceVersion "1"]
[SourceVersionDate "2021.11.30"]
[SourceQuality "1"]
[WhiteTeam "Gambit Asseco See (W)"]
[BlackTeam "MSK Centar (W)"]
[WhiteTeamCountry "MKD"]
[BlackTeamCountry "MKD"]

1. e4 c5 2. Nf3 d6 3. Nc3 a6 4. d4 cxd4 5. Nxd4 Nf6 6. Bd3 e6 7. Be3 Nbd7 8. f4 Qc7 9. Qe2 b5 10. a3 Bb7 11. f5 e5 12. Nb3 d5 13. exd5 Nxd5 14. Nxd5 Bxd5 15. Nd2 Nc5 16. 0-0-0 Nxd3+ 17. Qxd3 Rd8 18. Ne4 Be7 19. Rhe1 0-0 20. Qc3 Qxc3 21. Nxc3 Bc6 22. g4 Rxd1+ 23. Rxd1 Rd8 24. Rg1 f6 25. h4 Kf7 26. g5 Rc8 27. gxf6 gxf6 28. h5 Rg8 29. Rd1 Rg3 30. Bh6 Rh3 31. Rg1 Rxh5 32. Rg7+ Ke8 33. Rxh7 Bf8 0-1

[Event "Skopje op"]
[Site "Skopje"]
[Date "2019.12.09"]
[Round "6"]
[White "Petrovska, Katerina"]
[Black "Guri, Adrian"]
[Result "1-0"]
[WhiteElo "1950"]
[BlackElo "1445"]
[PlyCount "89"]
[EventDate "2019.12.06"]
[EventType "swiss"]
[EventRounds "9"]
[EventCountry "MKD"]
[SourceTitle "CBM 193 Extra"]
[Source "ChessBase"]
[SourceDate "2020.01.31"]
[SourceVersion "1"]
[SourceVersionDate "2020.01.31"]
[SourceQuality "1"]

1. e4 c5 2. Nf3 g6 3. d4 cxd4 4. Nxd4 Nc6 5. Be3 Bg7 6. Nc3 Nf6 7. f3 0-0 8. Qd2 d5 9. exd5 Nxd5 10. Nxc6 bxc6 11. Bh6 Bxh6 12. Qxh6 Nxc3 13. bxc3 Bf5 14. Qd2 Rb8 15. Bd3 Be6 16. 0-0 Rb2 17. Qf2 Qb6 18. a4 Rb8 19. Qxb6 R8xb6 20. Rfe1 Kf8 21. Re5 Rb7 22. Rc5 Rc7 23. f4 f5 24. Re1 Bf7 25. a5 Be8 26. Ree5 Bf7 27. a6 Be8 28. Rc4 Bd7 29. Rb4 Rxb4 30. cxb4 Rc8 31. Rc5 Rb8 32. c3 Rb6 33. Kf2 Bc8 34. b5 Bd7 35. c4 Kf7 36. Re5 cxb5 37. cxb5 Kf6 38. Ke3 e6 39. Rc5 h5 40. h4 Be8 41. Bc4 Bd7 42. Bd3 Ke7 43. Rc7 Kd6 44. Rxa7 Bxb5 45. Rb7 1-0

[Event "Skopje op"]
[Site "Skopje"]
[Date "2019.12.06"]
[Round "1"]
[White "Tabakovski, Dino"]
[Black "Petrovska, Katerina"]
[Result "1/2-1/2"]
[WhiteElo "1279"]
[BlackElo "1950"]
[PlyCount "45"]
[EventDate "2019.12.06"]
[EventType "swiss"]
[EventRounds "9"]
[EventCountry "MKD"]
[SourceTitle "CBM 193 Extra"]
[Source "ChessBase"]
[SourceDate "2020.01.31"]
[SourceVersion "1"]
[SourceVersionDate "2020.01.31"]
[SourceQuality "1"]

1. d4 d5 2. c4 e6 3. Nc3 Nf6 4. cxd5 exd5 5. Bg5 Be7 6. Nf3 h6 7. Bh4 0-0 8. e3 c5 9. dxc5 Qa5 10. Bd3 Qxc5 11. Rc1 Qa5 12. 0-0 Nc6 13. Bb1 Rd8 14. Nd4 Qb4 15. Qb3 Qxb3 16. Nxb3 d4 17. exd4 Nxd4 18. Nxd4 Rxd4 19. Bg3 Rd2 20. Rc2 Rxc2 21. Bxc2 Be6 22. Rd1 Rc8 23. Bb3 1/2-1/2

[Event "EU-chT (Women) 08th"]
[Site "Novi Sad"]
[Date "2009.10.30"]
[Round "9"]
[White "Petrovska, Katerina"]
[Black "Boric, Elena"]
[Result "0-1"]
[WhiteElo "2023"]
[BlackElo "2259"]
[PlyCount "86"]
[EventDate "2009.10.22"]
[EventType "team-swiss"]
[EventRounds "9"]
[EventCountry "YUG"]
[SourceTitle "EXT 2010"]
[Source "ChessBase"]
[SourceDate "2010.11.25"]
[SourceVersion "1"]
[SourceVersionDate "2010.11.25"]
[SourceQuality "1"]
[WhiteTeam "Macedonia (W)"]
[BlackTeam "Bosnia&Hercegovina (W)"]
[WhiteTeamCountry "MKD"]
[BlackTeamCountry "BIH"]

1. e4 e6 2. d4 d5 3. Nd2 Nf6 4. e5 Nfd7 5. Bd3 c5 6. c3 Nc6 7. Ngf3 b6 8. 0-0 Bb7 9. Re1 h6 10. Nf1 Qc7 11. Bd2 g5 12. h3 0-0-0 13. b4 Kb8 14. bxc5 bxc5 15. a4 Ka8 16. Bb5 Na5 17. Bxd7 Qxd7 18. Ne3 Be7 19. Bc1 Bc6 20. Ng4 Rb8 21. dxc5 Nb3 22. Ra3 Nxc5 23. a5 Ne4 24. Rb3 Ba4 25. Rxb8+ Rxb8 26. Qd3 Bb5 27. Qc2 Rc8 28. Bd2 h5 29. Nf6 Nxf6 30. exf6 Bxf6 31. Nxg5 d4 32. Qe4+ Bc6 33. Qf4 dxc3 34. Bc1 Qd5 35. Ne4 Bd8 36. Qxf7 Bxa5 37. f3 Bb6+ 38. Kh1 c2 39. Nc3 Qc5 40. Qf6 Ba5 41. Bd2 Bb7 42. Na4 Qc7 43. Qf4 Qxf4 0-1

[Event "EU-chT (Women) 08th"]
[Site "Novi Sad"]
[Date "2009.10.24"]
[Round "3"]
[White "Petrovska, Katerina"]
[Black "Golubenko, Valentina"]
[Result "0-1"]
[WhiteElo "2023"]
[BlackElo "2298"]
[PlyCount "78"]
[EventDate "2009.10.22"]
[EventType "team-swiss"]
[EventRounds "9"]
[EventCountry "YUG"]
[SourceTitle "EXT 2010"]
[Source "ChessBase"]
[SourceDate "2010.11.25"]
[SourceVersion "1"]
[SourceVersionDate "2010.11.25"]
[SourceQuality "1"]
[WhiteTeam "Macedonia (W)"]
[BlackTeam "Croatia (W)"]
[WhiteTeamCountry "MKD"]
[BlackTeamCountry "CRO"]

1. d4 Nf6 2. Nf3 g6 3. Bf4 Bg7 4. e3 0-0 5. h3 c5 6. c3 d5 7. Be2 Nc6 8. 0-0 Nd7 9. Nbd2 Qb6 10. Qb3 c4 11. Qxb6 axb6 12. e4 dxe4 13. Nxe4 b5 14. a3 Nb6 15. Nc5 Nd5 16. Bg3 b6 17. Ne4 f5 18. Ned2 f4 19. Bh2 Bd7 20. Rfe1 Rad8 21. Ng5 e5 22. Bf3 Bf5 23. dxe5 Nxe5 24. Bxd5+ Rxd5 25. Ndf3 Nd3 26. Re2 h6 27. Ne6 Bxe6 28. Rxe6 Nxb2 29. Rb1 Na4 30. Rxg6 Kh7 31. Rg4 Re8 32. Bxf4 Nxc3 33. Rf1 Ne2+ 34. Kh2 h5 35. Ng5+ Kg6 36. Rg3 Nxg3 37. Kxg3 Rxg5+ 38. Bxg5 Kxg5 39. Rd1 c3 0-1